Culture générale aléatoire : Géographie - Statistiques

Statistiques générales
  • Ce quiz a été pris 79 483 fois
    74 448 depuis la dernière actualisation
  • Le résultat moyen est 8 sur 20
Statistiques - réponses
Question Réponse % Correct
Quelle est la capitale de la Grèce ? Athènes
86%
Quel pays est souvent décrit comme ayant la forme d'une botte ? Italie
86%
Quel est l'océan le plus vaste au monde ? Océan Pacifique
86%
Quel est le plus grand pays, en termes de superficie ? Russie
86%
Quel est le plus grand désert d'Afrique ? Sahara
86%
Quelle mer sépare la France du Royaume-Uni ? La Manche
85%
Quel détroit sépare le Maroc de l'Espagne ? Détroit de Gibraltar
84%
Quel pays est le plus peuplé ? Inde
84%
Quelle ville aurait été fondée par Romulus et Remus ? Rome
84%
De combien d'états sont composés les États-Unis ? 50
83%
Dans quelle ville se trouve la Sagrada Família ? Barcelone
83%
Quelle région française est frontalière du Brésil ? Guyane
83%
Quelle est la résidence officielle du président des États-Unis ? Maison Blanche
83%
Quelle est la langue officielle des Pays-Bas ? Néerlandais
83%
Quelle capitale est surnommée la "ville de l'amour" ? Paris
83%
Comment appelle-t-on un habitant du Pérou ? Péruvien
83%
Quel est le seul pays dont le nom commence par la lettre Q ? Qatar
83%
Quel est le seul pays dont le nom commence par la lettre Y ? Yémen
83%
Quelle est la langue la plus parlée au monde (en nombre de locuteurs natifs) ? Mandarin
82%
Quel surnom polygonal est donné à la France ? Hexagone
81%
Quel nom porte la ligne imaginaire tracée autour de la Terre, à mi-chemin de ses pôles ? Équateur terrestre
80%
Comment appelle-t-on un habitant de Madagascar ? Malgache
80%
Dans quel micro-état se trouve le quartier de Monte-Carlo ? Monaco
80%
Dans quelle ville se trouve la statue du Christ Rédempteur ? Rio de Janeiro
80%
Quel est le plus petit pays du monde ? Vatican
80%
Quelle est la deuxième ville la plus peuplée d'Italie ? Milan
79%
Quel est le point culminant des Alpes ? Mont Blanc
79%
Quelle ville française est surnommée "la ville rose" ? Toulouse
79%
Quel est le dernier pays du monde, par ordre alphabétique ? Zimbabwe
79%
Si je marche sur la promenade des Anglais, dans quelle ville suis-je ? Nice
78%
Quelle ville est célèbre pour ses gondoles, ses canaux et sa place Saint-Marc ? Venise
78%
Quel quartier de Los Angeles est le centre historique des studios de cinéma américain ? Hollywood
77%
Quel fleuve marque en partie la frontière en la France et l'Allemagne ? Rhin
77%
Quel est le premier pays d'Europe, alphabétiquement ? Albanie
76%
Dans quelle ville se trouve le plus haut building du monde ? Dubaï
76%
Sur les côtes de quelle mer se situe la ville de Dunkerque ? Mer du Nord
76%
Quelle capitale africaine est la plus au nord ? Tunis
76%
En quelle année Christophe Colomb "découvrit-il l'Amérique" ? 1492
75%
En superficie, quel est le plus grand pays d'Afrique ? Algérie
75%
Dans quelle région d'Espagne se situe Barcelone ? Catalogne
75%
Quelle est la plus grande ville côtière de France ? Marseille
75%
Quelle est la ville la plus peuplée du continent Océanien ? Sydney
75%
Quel fleuve traverse Londres ? Tamise
75%
En superficie, quel est le plus grand pays entièrement dans l'hémisphère sud ? Australie
74%
Quel canal relie la mer Rouge et la mer Méditerranée ? Canal de Suez
74%
Quelle est la gare la plus fréquentée d'Europe, située à Paris ? Gare du Nord
74%
Quelle est la plus haute montagne d'Afrique Mont Kilimandjaro
74%
Quel État avait un drapeau sur lequel figuraient une faucille et un marteau ? Union Soviétique
74%
Quel mot en A désigne un groupe d'îles relativement proches les unes des autres ? Archipel
73%
Avec quel pays la France possède-t-elle la plus longue frontière ? Brésil
73%
Quelle est la capitale de l'Écosse ? Édimbourg
73%
Quel est le plus grand quartier d'affaires d'Europe, situé dans la petite couronne de Paris ? La Défense
73%
Quel est le point culminant du Japon ? Mont Fuji
73%
Sur quelle péninsule se trouvent l'Espagne et le Portugal ? Péninsule ibérique
73%
Quelle ville française est surnommée "la cité phocéenne" ? Marseille
72%
Quelle grande île se situe à moins de 15 km au sud de la Corse ? Sardaigne
72%
Quel est le plus grand lac à la frontière franco-suisse ? Lac Léman
71%
Dans quelle capitale nationale se trouve la Place Rouge ? Moscou
71%
Quelle ville est surnommée "the Big Apple" (la Grosse Pomme) ? New York
71%
Quelle cité antique, en P, a été ravagée suite à l'éruption du Vésuve en 79 après J.-C. ? Pompéi
71%
Quel est l'équivalent dans l'hémisphère sud du tropique du cancer ? Tropique du Capricorne
71%
Dans quelle ville de la Côte d'Azur peut-on se promener sur la Croisette ? Cannes
70%
Comment appelle-t-on un habitant de Chypre ? Chypriote
70%
En plus de l'étoile, quel symbole figure sur les drapeaux de la Turquie et du Pakistan ? Croissant
70%
Quel pays est entièrement entouré par l'Afrique du Sud ? Lesotho
70%
Quelle est la deuxième ville la plus peuplée du Canada ? Montréal
70%
Quelle ville indienne a été désignée ville la plus polluée du monde en 2015, par l'OMS ? New Delhi
70%
Quelle est la ville la plus peuplée de la région administrative de Bretagne ? Rennes
70%
Dans quel pays se situent les villes de Lviv et Kharkiv ? Ukraine
70%
Quel continent a la population la plus jeune (âge médian le plus faible) ? Afrique
69%
Quelle ville égyptienne abritait la plus grande bibliothèque du monde ? Alexandrie
69%
Quel est le premier pays exportateur mondial de pétrole ? Arabie Saoudite
69%
Dans quelle ville de France se trouve la Cité du Vin ? Bordeaux
69%
Quel est le nom de la plus haute dune d'Europe, située dans le bassin d'Arcachon ? Dune du Pilat
69%
Dans quel pays la Garonne prend-elle sa source ? Espagne
69%
Dans quelle gare parisienne devez-vous vous rendre pour aller à Marseille ? Gare de Lyon
69%
Quelle ville des Pays-Bas accueille le plus grand port européen ? Rotterdam
69%
Quelle est la capitale située la plus à l'ouest d'Europe continentale ? Lisbonne
68%
Comment appelle-t-on un habitant des Pays-Bas ? Néerlandais
68%
Quel pays borde l'Inde et l'Iran ? Pakistan
68%
Quelle est la ville la plus peuplée du Brésil ? São Paulo
68%
Sur quelle île se trouve le volcan Eyjafjöll ? Islande
67%
Comment appelle-t-on un habitant de Madrid ? Madrilène
67%
Quelle est la plus grande île des Caraïbes ? Cuba
66%
Quel département français porte le numéro 974 ? La Réunion
66%
Quelle est la deuxième ville la plus peuplée des Pays-Bas ? Rotterdam
66%
De quel continent sont originaires les pommes de terre ? Amérique du Sud
65%
Quelle ville accueillit les premiers Jeux Olympiques d'été en 1896 ? Athènes
65%
Quelle ville est considérée comme le berceau de la renaissance italienne ? Florence
65%
Quelle ville japonaise est mondialement reconnue pour son bœuf ? Kobe
65%
Quelle ville était la capitale de la Russie jusqu'en 1918 ? Saint-Pétersbourg
65%
Quelle zone géographique de l'océan Atlantique Nord aurait été, selon la légende, le théâtre d’un grand nombre de disparitions de navires ? Triangle des Bermudes
65%
Quelle est la ville la plus peuplée de Suisse ? Zurich
65%
Quel mot en A désigne un recueil de cartes géographiques ? Atlas
64%
Quelle île est partitionnée entre factions turques et grecques ? Chypre
64%
Quel territoire britannique est frontalier de l'Espagne ? Gibraltar
64%
Quelle est la plus grande ville située à la fois en Europe et en Asie ? Istanbul
64%
Quelle autoroute mythique reliait Chicago à Santa Monica ? Route 66
64%
Combien la France compte-t-elle de départements ? 101
63%
Quelle péninsule fut annexée en 2014 par la Russie ? Crimée
63%
Quel est le plus haut volcan actif d'Italie ? Etna
63%
Quelle île se situant dans la baie de San Francisco abritait une prison jusqu'en 1963 ? Île d'Alcatraz
63%
Quel est le plus long fleuve d'Amérique du Nord ? Missouri-Mississippi
63%
Dans quelle ville se trouvent les quartiers d'Ipanema et de Copacabana ? Rio de Janeiro
63%
Dans quelle ville se trouve Manneken-Pis ? Bruxelles
62%
À quel pays appartiennent les archipels du Dodécanèse et des Cyclades ? Grèce
62%
Quelle capitale africaine est la plus au sud ? Le Cap
62%
De quelle ville sont originaires les Beatles ? Liverpool
62%
Dans quelle ville se trouve le théâtre Bolchoï ? Moscou
62%
Quelle est la plus grande île de la mer Méditerranée ? Sicile
62%
Dans quel pays le Rhin prend-il sa source ? Suisse
62%
Dans quelle ville se trouve Trafalgar Square ? Londres
61%
De quelle île les lémuriens sont-ils une espèce endémique ? Madagascar
61%
Quel pays est relié à Singapour par des ponts ? Malaisie
61%
Comment appelle-t-on un habitant de Moscou ? Moscovite
61%
Dans quelle ville est organisée chaque année l'Oktoberfest ? Munich
61%
Quel pays est frontalier du Panama et du Nicaragua ? Costa Rica
60%
Quel archipel espagnol se situe au large des côtes du Maroc ? Îles Canaries
60%
De quelle communauté espagnole Séville est-elle la capitale ? Andalousie
59%
Dans quelle ville se trouve la Porte de Brandebourg ? Berlin
59%
À proximité de quel pays le territoire français de Saint-Pierre-et-Miquelon se situe-t-il ? Canada
59%
Quelle est la résidence officielle du président russe ? Kremlin de Moscou
59%
Quel pays d'Asie est situé à moins de 30 km de Djibouti ? Yémen
59%
Quelle ville d'Inde abrite l'industrie cinématographique surnommée "Bollywood" ? Bombay
58%
Quel département français porte le numéro 13 ? Bouches-du-Rhône
58%
Quel territoire les États-Unis ont-ils acheté à la France en 1803 ? Louisiane française
58%
Quelle est la ville la plus peuplée, traversée par la Loire ? Nantes
58%
Quel fleuve traverse les capitales de quatre pays différents ? Danube
57%
Quelle est la plus grande ville de Palestine ? Gaza
57%
Dans quelle ville se trouve la Cité Interdite ? Pékin
57%
De quelle région italienne Palerme est-elle la capitale ? Sicile
57%
Dans quel pays se trouve le mont Kilimanjaro ? Tanzanie
57%
Combien la France compte-t-elle de régions (depuis le redécoupage de 2015) ? 18
56%
Quelle est la deuxième ville la plus peuplée de Pologne ? Cracovie
56%
Quelle ville était autrefois nommée New Amsterdam ? New York
56%
Parmi les pays en -stan, lequel a la plus petite superficie ? Tadjikistan
56%
Quelle région chinoise était autrefois un pays indépendant gouverné par le Dalaï Lama ? Tibet
56%
Quelle ville française est surnommée la « cité des papes » ? Avignon
55%
Comment s'appelle la région Belge néerlandophone ? Flandre
55%
Quelle ville est le premier port d'Allemagne ? Hambourg
55%
Quel nom portait la ville de Saint-Pétersbourg entre 1924 et 1991 ? Léningrad
55%
Quel pays africain a été fondé pour accueillir les esclaves américains libérés ? Liberia
55%
Quel est le plus grand lac d'Écosse, en volume ? Loch Ness
55%
Quel peuple turcophone à majorité musulmane habite la région autonome chinoise du Xinjiang ? Ouïghours
54%
Dans quel pays se déroula la première Coupe du monde de football, en 1930 ? Uruguay
54%
Quelle ville française accueille chaque année le festival international de la bande dessinée ? Angoulême
53%
Quel continent est surnommé « le Continent Austral » ? Antarctique
53%
Quelle mer borde l'ouest de la Lettonie ? Mer Baltique
53%
Quelle péninsule est divisée en deux par une « zone démilitarisée » ? Péninsule de Corée
53%
Quel fleuve possède le débit le plus important au monde ? Amazone
52%
Quelle est la capitale du pays de Galles ? Cardiff
52%
Quelle est la capitale de l'État d'Hawaï ? Honolulu
52%
Outre les turques, quel est le plus grand groupe ethnique en Turquie ? Kurdes
52%
De quelle île grecque le terme "lesbienne" est-il issu ? Lesbos
52%
Que signifie le suffixe "-stan", en persan ? Pays
52%
Quel est le nom de la vaste partie asiatique de la Russie ? Sibérie
52%
Chaque année, la ville espagnole de Buñol organise une bataille de nourriture. Quel type de nourriture est jeté ? Tomates
52%
Quelle est la seule capitale nationale dont le nom commence par la lettre Z ? Zagreb
52%
Comment appelle-t-on un habitant du Burkina Faso ? Burkinabé
51%
Quelle région naturelle française située au bord de la mer Méditerranée est célèbre pour ses flamants roses ? Camargue
51%
Dans quel pays se trouve Angkor Vat ? Cambodge
51%
Sur quelle île se trouvent les villes de Propriano et Furiani ? Corse
51%
Quelle est la plus grande île de Grèce ? Crète
51%
Quelle ville est le premier centre économique d'Allemagne ? Francfort-sur-le-Main
51%
Dans quel pays le fleuve Amazone prend-il sa source ? Pérou
51%
Quel est le numéro du département de la Corrèze ? 19
50%
Quelle est la deuxième ville la plus peuplée d'Égypte ? Alexandrie
50%
Quelle ville américaine est surnommée "la capitale mondiale de l'automobile" ? Détroit
50%
Quel terme désigne une vallée glaciaire envahie par la mer, typique de Norvège ? Fjord
50%
Quel pays partage son nom avec un État des États-Unis ? Géorgie
50%
Quelle région historique, commençant par un K, est située dans les montagnes au nord de l'Algérie ? Kabylie
50%
Outre l'être humain, quel grand singe est natif d'Asie ? Orang-outan
50%
Quel terme regroupe l'Estonie, la Lettonie et la Lituanie ? Pays baltes
50%
Quel est le numéro du département du Gard ? 30
49%
Quel massif montagneux s'étend sur 2 500 km entre le Maroc, l'Algérie et la Tunisie ? Atlas
49%
De quel pays le khmer est-il la langue officielle ? Cambodge
49%
Quelle est la capitale de la Moldavie ? Chișinău
49%
Dans quel pays se situent les villes de Busan et Incheon ? Corée du Sud
49%
Quelle est la ville la plus peuplée d’Écosse ? Glasgow
49%
Quelle est la plus haute montagne de Grèce ? Mont Olympe
49%
Outre le Cap et Bloemfontein, quelle ville est une capitale de l'Afrique du Sud ? Pretoria
49%
Dans le port de quelle ville se trouve la statue de la Petite Sirène ? Copenhague
48%
Quelle mer se situe entre l'Italie et la Croatie ? Mer Adriatique
48%
Sur les côtes de quelle mer se situe la ville russe de Sotchi ? Mer Noire
48%
À quelle région française sont rattachés les départements de l'Aude et du Lot ? Occitanie
48%
Quelle est la préfecture des Pyrénées-Orientales ? Perpignan
48%
Dans quelle vallée fut enregistrée la température la plus haute de l'histoire, avec 56,7°C ? Vallée de la Mort
48%
Quel est le numéro du département de la Seine-Maritime ? 76
47%
Dans quel pays le Danube prend-il sa source ? Allemagne
47%
Dans quel Land se situe la ville de Munich ? Bavière
47%
Quel nom porte la réalisation et l'étude des cartes géographiques ? Cartographie
47%
Quel détroit sépare la Russie de l'Alaska ? Détroit de Béring
47%
À quel archipel appartiennent les îles d'Ibiza et Formentera ? Îles Baléares
47%
Quelle est la plus grande ville située sur l'île de Java ? Jakarta
47%
Quelle est la préfecture de la Charente-Maritime ? La Rochelle
47%
Quelle est la deuxième zone urbaine la plus peuplée du Japon ? Osaka
47%
Quelle région de Roumanie, connue pour ses châteaux, est associée (à tort) au personnage de Dracula ? Transylvanie
47%
Quel nom portait la République Démocratique du Congo, entre 1971 et 1997 ? Zaïre
47%
Quel est le numéro du département de la Guadeloupe ? 971
46%
Quel pays se situe à 90 km à l'est de Miami, Floride ? Bahamas
46%
Quel pays était autrefois connu sous le nom de Pakistan oriental ? Bangladesh
46%
Quelle capitale nationale se situe à moins de 90 km de Tallinn ? Helsinki
46%
Quelle langue est la plus parlée en Inde ? Hindi
46%
Quel est le plus grand des grands lacs d'Afrique, en superficie ? Lac Victoria
46%
Quel pays européen partage son nom avec une province de Wallonie ? Luxembourg
46%
Quelle ville était autrefois connue sous le nom de Tenochtitlan ? Mexico
46%
Quelle est la plus vaste région de France ? Nouvelle-Aquitaine
46%
Quelle est la préfecture du Finistère ? Quimper
46%
Quelle capitale mondiale est surnommée "la Ville aux Sept Collines" ? Rome
46%
Quel est le numéro du département des Pyrénées-Atlantiques ? 64
45%
Quel était le plus grand Empire contigu de l'histoire en termes de superficie ? Empire mongol
45%
Dans quel golfe l'île de Bahreïn est-elle située ? Golfe Persique
45%
À quelle région française sont rattachés les départements de l'Aube et de la Meuse ? Grand-Est
45%
En excluant les masses continentales, quelle est la plus grande île au monde ? Groenland
45%
Quel territoire est revendiqué à la fois par le Maroc et la République Sahraouie ? Sahara occidental
45%
Quelle est l'île la plus peuplée de Polynésie française ? Tahiti
45%
De quelle région italienne Florence est-elle la capitale ? Toscane
45%
Dans quelle cité se trouve l'abbaye où se déroulent les mariages, couronnements et enterrements de la couronne anglaise ? Westminster
45%
À combien culmine le Mont Blanc (à 10 m près) ? 4 808 mètres
44%
Quel pays est surnommé "la dernière dictature d'Europe" ? Biélorussie
44%
Quelle mer comprend les golfes de Finlande et de Botnie ? Mer Baltique
44%
Quelle ville bretonne est surnommée "la cité corsaire" ? Saint-Malo
44%
Quel pays fut la première source de réfugiés en 2015 ? Syrie
44%
Quel État des États-Unis fut un pays indépendant de 1836 à 1846 ? Texas
44%
Quel est le plus grand pays enclavé au monde ? Kazakhstan
43%
Quel est le plus grand lac d'Amérique du Sud, situé à la frontière entre la Bolivie et le Pérou ? Lac Titicaca
43%
Quelle est le chef-lieu de la Nouvelle-Calédonie ? Nouméa
43%
Outre le Caucase, quelle chaîne de montagnes forme la frontière entre l'Europe et l'Asie ? Oural
43%
Quel est le plus petit département de France, en superficie ? Paris
43%
Quel pays insulaire se situe dans le golfe de Guinée ? Sao Tomé-et-Principe
43%
Quel est le plus vaste pays enclavé d'Afrique ? Tchad
43%
Quelle est la préfecture du Morbihan ? Vannes
43%
Quel est le seul état des États-Unis dont le nom contient un Z ? Arizona
42%
Dans quelle ville se trouve le plus grand des Châteaux de la Loire ? Chambord
42%
Dans quel pays se trouve l'archipel artificiel Palm Jumeirah ? Émirats arabes unis
42%
Quel est le plus grand récif corallien du monde ? Grande Barrière de corail
42%
Quelle capitale mondiale possède la plus haute altitude (3 640 m) ? La Paz
42%
Quelle est la plus grande île des Baléares ? Majorque
42%
Quelle capitale se trouve à seulement 55 km à l'ouest de Bratislava ? Vienne
42%
Quel pays d'Amérique centrale a l'anglais pour langue officielle ? Belize
41%
Quel est le pays le plus boisé d'Europe, avec plus de 70% de sa superficie couverts par les forêts ? Finlande
41%
Quel lac russe contient environ 20 % de l'eau douce de surface du monde ? Lac Baïkal
41%
Quelle est la deuxième agglomération la plus peuplée d'Algérie ? Oran
41%
Dans quel pays peut-on trouver la province de Zélande, qui a donné son nom à la Nouvelle-Zélande ? Pays-Bas
41%
Quelle est la seule capitale nationale dont le nom commence par la lettre Q ? Quito
41%
Quelle est la ville la plus peuplée de Nouvelle-Zélande ? Auckland
40%
Quel État mexicain, ayant donné son nom à une race canine, est le plus vaste du pays ? Chihuahua
40%
Quel pays s'appelait autrefois les Indes orientales néerlandaises ? Indonésie
40%
Quel est le seul pays européen doublement enclavé ? Liechtenstein
40%
Quel département de la région historique de Bretagne est exclu de la région administrative ? Loire-Atlantique
40%
Quel pays possède le plus haut PIB par habitant (à parité du pouvoir d'achat) ? Monaco
40%
Quelle est la préfecture des Yvelines ? Versailles
40%
Quelle est la capitale de l'État du Texas ? Austin
39%
Quelle est la deuxième ville la plus peuplée du Royaume-Uni ? Birmingham
39%
Quel est le plus petit État des États-Unis, en superficie ? Rhode Island
39%
Quelle langue parlée en Afrique du Sud est dérivée du Néerlandais ? Afrikaans
38%
Comment s'appelle le golfe de l'océan atlantique, entre la France et l'Espagne ? Golfe de Gascogne
38%
À quelle région française sont rattachés les départements de la Creuse et de la Vienne ? Nouvelle-Aquitaine
38%
Quel pays est le plus récent à avoir gagné son indépendance en 2011 ? Soudan du Sud
38%
Quel est le numéro du département de Mayotte ? 976
37%
Quel aéroport londonien est le plus fréquenté d'Europe ? Aéroport d'Heathrow
37%
Quel pays possède 36 langues officielles, dont l'espagnol, le quechua et l'aymara ? Bolivie
37%
Quel est le plus long fleuve du Moyen-Orient ? Euphrate
37%
Sur quelle île vivaient les dodos (avant leur extinction) ? Île Maurice
37%
Quelle région spéciale chinoise, auparavant administrée par le Portugal, est considérée comme la dernière colonie européenne en Asie ? Macao
37%
Quel est l'ancien nom de Hô Chi Minh-Ville ? Saïgon
37%
Quel groupe d'îles situé dans l'Atlantique Nord forme une région autonome du Portugal ? Açores
36%
Quelle est la commune la plus peuplée de Belgique ? Anvers
36%
Quel pays a la plus haute altitude moyenne ? Bhoutan
36%
Quelle ville est surnommée "la Venise du Nord" ? Bruges
36%
Quelle est la préfecture de la Savoie ? Chambéry
36%
Dans quelle ville se trouve la cathédrale Saint-Basile-le-Bienheureux, reconnaissable par ses bulbes colorés ? Moscou
36%
Quelle est la province la plus peuplée du Canada ? Ontario
36%
Quelle région, commençant par P, se trouve sur le "talon" de la botte italienne ? Pouilles
36%
Quelle ancienne église d'Istanbul fut convertie en musée puis en mosquée ? Sainte-Sophie
36%
Quelle île des Caraïbes est partagée entre la France et les Pays-Bas ? Saint-Martin
36%
Quel département français porte le numéro 07 ? Ardèche
35%
Quelle ville suisse est à la fois frontalière de la France et de l'Allemagne ? Bâle
35%
Sur quelle péninsule se trouvent l'Albanie et la Serbie ? Balkans
35%
Quel détroit turc sépare l'Asie et l'Europe ? Bosphore
35%
Quel département français partage son nom avec un canton suisse ? Jura
35%
Quel est l'unique pays dont le chef d'état porte le titre de grand-duc ? Luxembourg
35%
De quel massif montagneux le Grand Ballon est-il le point culminant ? Massif des Vosges
35%
Quel pays est le moins densément peuplé ? Mongolie
35%
Quel est le plus long fleuve d'Europe ? Volga
35%
Quel cap chilien est généralement considéré comme étant le point le plus austral de l’Amérique du Sud ? Cap Horn
34%
Quelle ville du Morbihan est célèbre pour ses alignements de menhirs ? Carnac
34%
De quel département la commune de Périgueux est-elle le chef-lieu ? Dordogne
34%
Quelle région montagneuse peu peuplée, commençant par H, se situe au nord-ouest de l'Écosse ? Highlands
34%
Quel département français porte le numéro 60 ? Oise
34%
Quelle est la capitale de l'État du Massachusetts ? Boston
33%
Quel territoire est disputé par le Pakistan, l'Inde et la Chine ? Cachemire
33%
Quelle ville française accueillit les premiers Jeux Olympiques d'hiver en 1924 ? Chamonix
33%
Quel est le deuxième plus long fleuve d'Afrique ? Congo
33%
Quel archipel sous contrôle britannique est revendiqué par l'Argentine ? Îles Malouines
33%
Dans quel pays se situe le cosmodrome de Baïkonour, centre de lancement le plus actif de la planète ? Kazakhstan
33%
Quelle ville de Suède est reliée à Copenhague par un pont-tunnel ? Malmö
33%
Quel lac salé est situé à 434 mètres sous le niveau de la mer ? Mer Morte
33%
Quel est le plus ancien parc national du monde ? Parc national de Yellowstone
33%
Quelle place de Pékin est célèbre pour avoir été le centre de manifestations en 1989 ? Place Tian'anmen
33%
Quel fleuve marque la frontière entre le Texas et le Mexique ? Rio Grande
33%
Quelle ligne imaginaire sépare l'Australie en deux ? Tropique du Capricorne
33%
Quel État des États-Unis compte la plus grande population mormone ? Utah
33%
Quel pays d'Europe a l'altitude moyenne la plus élevée ? Andorre
32%
Par quel fleuve a été creusé le Grand Canyon ? Colorado
32%
Dans quel département se situe la grotte de Lascaux ? Dordogne
32%
Quelle est la seule capitale nationale dont le nom commence par la lettre E ? Erevan
32%
À quel archipel appartiennent les îles de Maui et Oahu ? Îles Hawaï
32%
De quel département la commune de Tours est-elle le chef-lieu ? Indre-et-Loire
32%
Quel est le nom de l'exclave russe bordant la Lituanie et la Pologne ? Kaliningrad
32%
De quel département la commune de Mont-de-Marsan est-elle le chef-lieu ? Landes
32%
Quel pays portait autrefois le nom de Sud-Ouest africain allemand ? Namibie
32%
Quelle est la plus grande ville située sur le fleuve Yangtsé ? Shanghai
32%
Quelle est la préfecture du Pas-de-Calais ? Arras
31%
Quelle nation insulaire était inhabitée jusqu'à l'arrivée des colons portugais vers 1456 ? Cap-Vert
31%
Dans quel pays l'Indus prend-il sa source ? Chine
31%
Quelle est l'île la plus peuplée d'Europe ? Grande-Bretagne
31%
Quel département français porte le numéro 36 ? Indre
31%
Quelle est la seule capitale nationale dont le nom commence par la lettre i ? Islamabad
31%
Quelle est la capitale d'Oman ? Mascate
31%
Quel est le plus long fleuve d'Italie ?
31%
Quelle est la capitale de l'État de Californie ? Sacramento
31%
Quelle île est partagée entre l'Indonésie, la Malaisie, et le Brunei ? Bornéo
30%
Quel pays était autrefois surnommé la « Suisse du Moyen-Orient », en raison de sa puissance financière ? Liban
30%
Quel département français porte le numéro 81 ? Tarn
30%
Quel département français porte le numéro 89 ? Yonne
30%
Dans quel pays trouve-t-on des billabongs ? Australie
29%
Quelle est la capitale de l'État de Louisiane ? Baton Rouge
29%
Quelle ville française accueille une célèbre tapisserie relatant la conquête de l'Angleterre par Guillaume le Conquérant ? Bayeux
29%
Dans quelle rue se trouve la résidence officielle du Premier Ministre britannique ? Downing Street
29%
Quelle est la capitale du Guyana ? Georgetown
29%
Sur quelle péninsule sont situés le Vietnam, la Thaïlande et le Laos ? Indochine
29%
Quelle est la préfecture des Deux-Sèvres ? Niort
29%
Quelle est la capitale de l'État de l'Utah ? Salt Lake City
29%
Quelle péninsule égyptienne se situe en Asie ? Sinaï
29%
Quelle est la plus grande ville sur la côte pacifique russe ? Vladivostok
29%
Quel est le plus grand département de France métropolitaine, en superficie ? Gironde
28%
Quel archipel de l'océan Atlantique Nord forme l'un des trois pays constitutifs du royaume de Danemark ? Îles Féroé
28%
Quel fleuve irrigue six pays différents, dont la Chine et le Vietnam ? Mékong
28%
Quelle est la capitale nationale la plus septentrionale ? Reykjavik
28%
Quelle chaîne de montagnes s'étend du Nouveau-Mexique à la Colombie-Britannique ? Rocheuses
28%
Quelle est la plus grande et la plus peuplée des îles Canaries ? Tenerife
28%
Quelle était la capitale d'Allemagne de l'Ouest ? Bonn
27%
Comment appelle-t-on un habitant du Caire ? Cairote
27%
Quelle commune maritime française est connue pour son aiguille de craie (creuse ?) de 55 m de haut ? Étretat
27%
Quel archipel de l'océan pacifique est une province de l'Équateur ? Îles Galápagos
27%
Quelle île grecque située en mer Ionienne avait Ulysse pour roi, d'après l’Odyssée d’Homère ? Ithaque
27%
Quel nom porte la plaine fertile herbeuse s'étendant en Uruguay, en Argentine et au sud du Brésil ? Pampa
27%
Quelle région semi-aride forme une bande à la bordure sud du Sahara ? Sahel
27%
Sur quelle colline du centre d'Athènes est situé le Parthénon ? Acropole d'Athènes
26%
Que signifie le mot anglais "shire", que l'on retrouve notamment dans Lancashire ou Worcestershire ? Comté
26%
Sur le drapeau de quel pays trouve-t-on un bouclier zoulou ? Eswatini
26%
En comptant les mers intérieures, quel est le plus grand lac du monde ? Mer Caspienne
26%
Quelle capitale d'Afrique continentale se situe le plus à l'est ? Mogadiscio
26%
Dans quel département se situe le sanctuaire de Notre-Dame de Lourdes ? Hautes-Pyrénées
25%
Quelle ville espagnole accueille les plus célèbres courses de taureaux ? Pampelune
25%
Quel est le plus petit pays d'Amérique du Nord ? Saint-Christophe-et-Niévès
25%
Quel fleuve relie les Grands Lacs d'Amérique du Nord à l'océan Atlantique ? Saint-Laurent
25%
Dans quelle ville se trouve le Musée de l'Ermitage, plus grand musée au monde ? Saint-Pétersbourg
25%
Quelle est la capitale nationale la plus méridionale ? Wellington
25%
Quelle est la préfecture du Cantal ? Aurillac
24%
Quelle île est partagée entre Haïti et la République Dominicaine ? Hispaniola
24%
De quel département la commune de Mende est-elle le chef-lieu ? Lozère
24%
Quelle est la capitale du Groenland ? Nuuk
24%
De quelle chaîne montagneuse le pic d'Aneto est-il le point culminant ? Pyrénées
24%
Quel biome subarctique, aussi appelé "forêt boréale", couvre la majeure partie du nord de la Russie ? Taïga
24%
Sur quelle péninsule se trouvent les villes de Mérida et de Cancún ? Yucatán
24%
Quel fleuve délimite la frontière entre la Zambie et la Zimbabwe ? Zambèze
24%
Quelle est la plus grande baie du Canada ? Baie d'Hudson
23%
Quelle région du Soudan est le théâtre d'une guerre civile depuis 2003 ? Darfour
23%
Quelle est la capitale du Tadjikistan ? Douchanbé
23%
Quelle est la préfecture de l'Eure ? Évreux
23%
Quelle communauté autonome d'Espagne est située à l'extrémité nord-ouest du pays ? Galice
23%
Quelle est la capitale de la Crète ? Héraklion
23%
Quelle mer borde le Yémen, Oman, le Pakistan et l'Inde ? Mer d'Arabie
23%
Quelle grande île d'Océanie était autrefois nommée Terre de Van Diemen ? Tasmanie
23%
Dans quel pays se situe l'antipode de Santiago du Chili ? Chine
22%
Quel désert, situé au nord du Chili, constitue l'une des zones les plus arides au monde ? Désert d'Atacama
22%
Quel pays était autrefois connu sous le nom d'Abyssinie ? Éthiopie
22%
Quelle est la plus grande île du Japon ? Honshū
22%
Quelle est la ville la plus peuplée du Pakistan ? Karachi
22%
Quelle branche du Nil prend sa source au lac Tana, en Ethiopie ? Nil Bleu
22%
Quelle projection cartographique cylindrique de la Terre, conserve les angles mais déforme les distances et les aires ? (commence par un M) Projection de Mercator
22%
Quelle chaîne de montagnes s'étend de l'Alabama à Terre-Neuve ? Appalaches
21%
Quelle est la ville la plus peuplée de Tanzanie ? Dar es Salam
21%
Quel est le seul département français dont le nom contient un X ? Deux-Sèvres
21%
Quelle est la deuxième ville la plus peuplée de Suède ? Göteborg
21%
Quel pays est situé sur la dorsale médio-atlantique ? Islande
21%
Quelle est la capitale de la Zambie ? Lusaka
21%
Dans quel pays se situent les villes de Niš et Novi Sad ? Serbie
21%
Quel vaste archipel norvégien, commençant par un S, est situé dans l'océan Arctique ? Svalbard
21%
De quel État des États-Unis la ville de Juneau est-elle la capitale ? Alaska
20%
Quelle est la région la plus au sud du Portugal ? Algarve
20%
Quelle région historique constitue l'ouest de la République Tchèque ? Bohème
20%
Quelle est la deuxième ville la plus peuplée du Mexique ? Guadalajara
20%
Quel est le département français le moins densément peuplé ? Guyane
20%
Quelle est l'île la plus peuplée au monde ? Java
20%
Sur les rives de quel lac se situe la ville de Toronto ? Lac Ontario
20%
Dans quelle région italienne la ville de Rome se situe-t-elle ? Latium
20%
Dans quelle mer se situe l'île de Man ? Mer d'Irlande
20%
De quelle république russe Grozny est-elle la capitale ? Tchétchénie
20%
Dans quel pays se situent les villes de Homiel et Brest ? Biélorussie
19%
Quelle ville suisse accueille chaque année le Forum économique mondial ? Davos
19%
Quel volcan indonésien connut une éruption cataclysmique en 1883 ? Krakatoa
19%
Quelle est la capitale de la région du Tibet ? Lhassa
19%
Dans quel pays se situe l'antipode de Madrid ? Nouvelle-Zélande
19%
Quelle région, commençant par la lettre P, est partagée entre l'Inde et le Pakistan ? Penjab
19%
Quel archipel, divisé entre l'Argentine et le Chili, se trouve à l'extrême sud du continent sud-américain ? Terre de Feu
19%
Quel état s'est uni au Tanganyika pour donner naissance à la Tanzanie, en 1964 ? Zanzibar
19%
Quel nom est donné au vaste territoire du nord-est de la Chine ? Mandchourie
18%
Quel est le plus haut bâtiment des États-Unis ? One World Trade Center
18%
À quel département correspond la région historique de l'Artois ? Pas-de-Calais
18%
Quelle république autoproclamée se situe sur le territoire moldave, à la frontière ukrainienne ? Transnistrie
18%
Quel est le plus grand barrage sur le Nil ? Barrage d'Assouan
17%
Quelle péninsule se situe au nord-ouest de la Normandie ? Cotentin
17%
Quel est le plus vaste lac d'eau douce au monde ? Lac Supérieur
17%
À quel département correspond la région historique du Gévaudan ? Lozère
17%
Sur le drapeau de quel pays trouve-t-on un oiseau de paradis ? Papouasie-Nouvelle-Guinée
17%
Dans quelle ville se situe le stade du Premier-Mai, le plus grand stade au monde ? Pyongyang
17%
Quel États des États-Unis est le moins peuplé ? Wyoming
17%
Dans quel département la Loire prend-elle sa source ? Ardèche
16%
Sur quel pays Christophe Colomb posa-t-il le pied, lorsqu'il crut débarquer aux « Indes orientales » ? Bahamas
16%
Quel comté du Royaume-Uni occupe l'extrémité sud-ouest de la Grande-Bretagne ? Cornouailles
16%
Quelle est la capitale du Burundi ? Gitega
16%
Quelle mer est bordée, entre autres, par la Chine, le Vietnam, les Philippines et l'Indonésie ? Mer de Chine méridionale
16%
Quel pays a pour capitale Ngerulmud ? Palaos
16%
Dans quel pays se situe le mont Pinatubo, dont l'éruption de 1991 a été la plus importante des cent dernières années ? Philippines
16%
Quelle était la capitale de la Birmanie jusqu'en 2005 ? Yangon
16%
Combien mesure le rayon moyen de la Terre (arrondi à 100 km près) ? 6 400 km
15%
Quelle capitale nationale est aussi connue sous le nom de Krung Thep ? Bangkok
15%
Dans quel canal se situe le département de Mayotte ? Canal du Mozambique
15%
Quelle région historique sur les côtes de la mer Adriatique a donné son nom à une race canine ? Dalmatie
15%
Quel est le deuxième plus grand désert d'Afrique ? Désert du Kalahari
15%
Quel est le point culminant d'Europe ? Elbrouz
15%
Dans quelle ville se situe la péninsule de Kowloon ? Hong Kong
15%
Sur quelle montagne turque l'Arche de Noé se serait-elle posée ? Mont Ararat
15%
Quel terme générique commençant par O, désigne un fleuve d'Afrique du Nord ou du Moyen-Orient, le plus souvent à sec ? Oued
15%
Quelle est la capitale du Vanuatu ? Port-Vila
15%
Quel volcan guadeloupéen est le plus haut sommet des Petites Antilles ? Soufrière
15%
Sous quel autre nom est connu l'Ayers Rock ? Uluru
15%
Quel pays possède la plus faible altitude moyenne, qui s'élève à 2 mètres ? Maldives
14%
De quel État des États-Unis la ville de Jackson est-elle la capitale ? Mississippi
14%
Quelle nation insulaire fut autrefois un des pays les plus riches, grâce à l'extraction du minerai de phosphate ? Nauru
14%
Quel est le territoire le plus grand, le plus récent et le moins peuplé du Canada ? Nunavut
14%
Au large de quelle grande île le Titanic a-t-il heurté un iceberg, le 14 avril 1912 ? Terre-Neuve
14%
Quel est le seul canton suisse à posséder un nom en 3 lettres ? Uri
14%
Quel est le point culminant de l'Amérique du Nord ? Denali
13%
Près de l'embouchure de quel fleuve se situe la ville d'Hambourg ? Elbe
13%
Quelle vaste péninsule volcanique de l'Extrême-Orient russe borde l'océan Pacifique ? Kamtchatka
13%
Quelle ville fut la capitale de la Chine, de 1927 à 1937, avant d'être brutalement conquise par le Japon ? Nankin
13%
Quel fleuve au nom coloré est le plus long d'Afrique du Sud ? Orange
13%
Quel État indien, commençant par la lettre U, est le plus peuplé du pays ? Uttar Pradesh
13%
À quel pays appartient l'île de Socotra ? Yémen
13%
Quel est le nom officiel de la ville de Calcutta ? Kolkata
12%
Sur quelle île se situe le Timor Oriental ? Timor
12%
Quel est le plus long fleuve d'Asie ? Yangtsé
12%
Quel est le point culminant de l'Amérique du Sud ? Aconcagua
11%
Quelle est la plus petite collectivité française d'outre-mer, avec ses 25 km² ? Saint-Barthélemy
11%
Quel est le plus long fleuve de la péninsule ibérique ? Tage
11%
Quelle région, commençant par T, est partagée entre la Bulgarie, la Grèce et la Turquie ? Thrace
11%
Dans quelle ville se trouve le Taj Mahal ? Agra
10%
Dans quel département la Seine prend-elle sa source ? Côte-d'Or
10%
Quelle constellation est représentée sur les drapeaux australien et brésilien ? Croix du Sud
10%
Quelle est le plus long fleuve du Pakistan ? Indus
10%
Quelle péninsule forme la partie continentale du Danemark ? Jutland
10%
Dans quel État des États-Unis le Mississippi prend-il sa source ? Minnesota
10%
Quel est l'État australien le plus peuplé ? Nouvelle-Galles du Sud
10%
Quel est le plus long fleuve de Pologne ? Vistule
10%
Quelle est la deuxième ville la plus peuplée du Danemark ? Aarhus
9%
Quelle était la capitale du Kazakhstan jusqu'en 1997 ? Almaty
9%
Quelle est la plus grande ville des États-Unis fondée par les colons français ? Détroit
9%
Quel pays a le plus faible taux de précipitations moyennes ? Égypte
9%
Dans quel pays le fleuve Niger prend-il sa source ? Guinée
9%
Quelle capitale africaine a été baptisée d'après un ancien président américain ? Monrovia
9%
Quel est le plus peuplé et le plus vaste des territoires des États-Unis ? Porto Rico
9%
Quel explorateur norvégien fut le premier à atteindre le pôle Sud, en 1911 ? Roald Amundsen
9%
Quelle est la plus grande île de Russie ? Sakhaline
9%
Quelle chaîne de montagnes parcourt l'Italie sur plus de 1 000 km, du nord au sud ? Apennins
8%
Quelle est la plus haute montagne de Grande-Bretagne ? Ben Nevis
8%
Quel fleuve se mêle au Gange pour former le plus grand delta du monde ? Brahmapoutre
8%
Quelle grande ville indienne est aussi connue sous le nom de Madras ? Chennai
8%
Quel est le plus grand désert d'Asie ? Désert d'Arabie
8%
Quel est le plus vaste des cantons suisses ? Grisons
8%
Quelle est la plus petite province du Canada ? Île-du-Prince-Édouard
8%
Quel comté du Royaume-Uni est le plus proche du continent ? Kent
8%
Quelle île croate possède un nom de 3 lettres, sans voyelles ? Krk
8%
Quel est le plus grand lac d'Amérique centrale ? Lac Nicaragua
8%
Quel volcan américain connut une éruption catastrophique le 18 mai 1980 ? Mont Saint Helens
8%
Sur quelle île se situe le Puncak Jaya, point culminant de l'Océanie ? Nouvelle-Guinée
8%
Quelle capitale nationale porte un nom signifiant "Héros rouge" ? Oulan-Bator
8%
Quelle ville se trouve au débouché du canal de Suez dans la mer Méditerranée ? Port-Saïd
8%
Quel "cap" du Massachusetts, en forme de crochet, abrite le plus ancien laboratoire de biologie marine d’Amérique ? Cap Cod
7%
Quel désert, commençant par M, se trouve au sud-est de la Californie ? Désert des Mojaves
7%
Quelle est la plus grande île canadienne ? Île de Baffin
7%
Quel pays était anciennement connu sous le nom d'îles Gilbert ? Kiribati
7%
À quel archipel de l'océan indien appartiennent l'île de la Réunion et l'île Maurice ? Mascareignes
7%
Quelle région de Tanzanie et du Kenya est le théâtre de la migration de milliers d'animaux chaque année ? Plaine du Serengeti
7%
De quelle ville le Merlion est-il le symbole ? Singapour
7%
Quelle île était nommée Tambapanni par ses premiers habitants ? Sri Lanka
7%
Quelle capitale, située en Asie, possède la plus faible altitude au monde (-28 m) ? Bakou
6%
À quel pays d'Afrique appartient l'archipel des Bijagos, comptant 88 îles ? Guinée-Bissau
6%
Quelle étroite bande de terres relie l'Amérique du Nord et l'Amérique du Sud ? Isthme de Panama
6%
Quelle est la plus grande île des Philippines ? Luçon
6%
Sur quelle île Nelson Mandela fut-il emprisonné 18 années ? Robben Island
6%
Quelle est la plus haute chute d'eau du monde ? Salto Ángel
6%
Quelle série de failles et de volcans s'étend sur plus de 3 000 km en Afrique de l'Est ? Vallée du Grand Rift
6%
Quel archipel, constitué de 300 îles volcaniques, est situé entre la péninsule d'Alaska et le Kamtchatka ? Îles Aléoutiennes
5%
Quel cap est le point le plus septentrional d'Australie ? Cap York
4%
Quelle vaste baie saumâtre du Venezuela est souvent considérée comme un lac ? Lac Maracaibo
4%
Quel est le plus long fleuve du Canada ? Mackenzie
4%
Quelle est le plus long fleuve du Royaume-Uni ? Severn
4%
Comment s'appelle la plus longue chaîne de montagnes d'Australie ? Cordillère australienne
3%
Quel détroit sépare l'Australie et la Nouvelle-Guinée ? Détroit de Torres
3%
Quel est le nom de la plus grande île du Danemark, où se situe notamment Copenhague ? Seeland
3%
Aucun quiz correspondant
Distribution des résultats
% des personnes avec chaque résultat
Percentile par nombre de réponses
Votre historique - résultats
Vous n’avez pas pris ce quiz depuis la dernière actualisation